000 00443nam a2200193Ia 4500
005 20240823010825.0
008 240823s9999||||xx |||||||||||||| ||und||
041 _aENGLISH
082 _A004.6 P1
100 _aSumit Kasera
245 0 _aATM Networks
250 _a1st
260 _c2001
_b"TMH,New Delhi"
500 _aTRANSFERED
650 _aNetworks
_bComputer Science
700 _a Pankaj Sethi
942 _cBK
999 _c159750
_d159750